| 000 | 00847atm a2200277 4500 | ||
|---|---|---|---|
| 005 | 20170209143754.0 | ||
| 008 | 150728b xxu||||| |||| 00| 0 spa d | ||
| 041 | _aEspañol | ||
| 082 | _a621.2 L318m | ||
| 100 |
_aLarburu Arrizabalaga, Nicolás _938874 |
||
| 245 | _aMáquinas: prontuario, técnicas, máquinas y herramientas | ||
| 250 | _a13 edición | ||
| 260 |
_aEspaña _bThomson _c2007 |
||
| 300 | _a626 páginas | ||
| 650 |
_aMAQUINAS _920933 |
||
| 650 |
_aELECTRICIDAD _91462 |
||
| 650 |
_aSISTEMA INTERNACIONAL DE MEDIDAS _9970 |
||
| 650 |
_aFÍSICA _91953 |
||
| 650 |
_aHIDRAULICA _938875 |
||
| 650 |
_aRESISTENCIA DE MATERIALES _913708 |
||
| 650 |
_aTÉCNICAS GRAFICAS _923158 |
||
| 650 |
_aOPERACIONES DE MECANIZADO _938876 |
||
| 650 |
_aMOVIMIENTOS Y FUERZAS _938877 |
||
| 650 |
_aTRAZADOS GEOMETRICOS _938878 |
||
| 942 | _cBK | ||
| 999 |
_c6693 _d6693 |
||